| 000 | 00498nam a2200181Ia 4500 | ||
|---|---|---|---|
| 003 | IN-BaIIA | ||
| 008 | 211028s9999 xx 000 0 eng d | ||
| 020 | _a81-7371-155-0 | ||
| 040 | _cIIA Library | ||
| 080 |
_a681.11 _bMUL |
||
| 100 |
_aMuller, Sam _923665 |
||
| 245 | 0 |
_aMaking a clock-accurate sundial _bcustomized to your location _cSam Muller |
|
| 260 |
_aHyderabad _bUniversities Press _c1999 |
||
| 300 | _a58p. | ||
| 650 |
_aClock making _923666 |
||
| 650 |
_aSundial _923667 |
||
| 942 | _cBK | ||
| 999 |
_c18607 _d18607 |
||